000 00704cam a2200181 i 4500
005 20251108164043.0
008 250721s1990 ua gr 000 0 ara d
082 1 4 _a150
_bم ح م
100 1 _aحموده، محمود
_eمؤلف.
245 1 0 _aالطب النفسي :
_bالنفس أسرارها..وأمراضها /
_cدكتور محمود حمودة.
264 3 1 _aالقاهرة :
_bدكتور محمود حمودة،
_c1990.
300 _a544 صفحة.
500 _aهذا الكتاب فائز بجائزة الدولة التشجيعية في العلوم الطبية
650 1 7 _aعلم النفس.
650 1 7 _aالطب النفسي.
942 _2ddc
_cBK
999 _c2438
_d2438